Física

সংরক্ষণ করুন:
গ্রন্থ-পঞ্জীর বিবরন
প্রধান লেখক: Resnick, Robert, 1923-
অন্যান্য লেখক: Halliday, David, Stanley, Paul, (Colaborador/a), Krane, Kenneth S., Alatorre Miguel, Efrén Traductor
বিন্যাস: গ্রন্থ
ভাষা:Spanish
প্রকাশিত: México : Grupo Editorial Patria, 2002.
বিষয়গুলি:
ট্যাগগুলো: ট্যাগ যুক্ত করুন
কোনো ট্যাগ নেই, প্রথমজন হিসাবে ট্যাগ করুন!

MARC

LEADER 00000nam a2200000Ia 4500
003 L000829
005 20221231144021.0
008 140114s2002 mx a 000 ||spa d
040 |c cru CEDI 
082 |a 530 R434f4  
100 |a Resnick, Robert, 1923-  |9 19860 
245 |a Física 
260 |a México : Grupo Editorial Patria,   |c 2002. 
300 |a  2 volúmenes : ilustraciones (algunas a color). 
500 |a Título original: Physics, 5. ed. 
650 |x FISICA  |9 19865 
700 |9 19859  |a Halliday, David 
700 |9 19863  |a Stanley, Paul,  |d  (Colaborador/a) 
700 |9 19862  |a Krane, Kenneth S. 
700 |9 19864  |a Alatorre Miguel, Efrén  |d Traductor 
942 |2 ddc  |c BK 
999 |c 15673  |d 15673